| 000 | 00374cam a22001097a 4500 | ||
|---|---|---|---|
| 008 | 180718b1976 xxu||||| |||| 00| 0 eng d | ||
| 082 | _aW32001x5453 K45 | ||
| 245 |
_aHandbook on the motor vehicles department, Kerala state _cby Motor Vehicles Department, Kerala |
||
| 260 |
_aTrivandrum _bGovernment Press _c1976 |
||
| 300 | _a58+p. | ||
| 700 | _aKerala. Motor Vehicles Department | ||
| 999 |
_c498574 _d498574 |
||